Guess the Barcelona player - Statistics

General Stats
  • This quiz has been taken 1,848 times
  • The average score is 8 of 10
Answer Stats
Hint Answer % Correct
Uruguayan striker brought from Liverpool Suarez
99%
Spanish defender brought from Manchester United Pique
95%
French striker brought from Arsenal Henry
90%
Croatian midfield brought from Sevilla Rakitic
90%
Ivory Coast midfielder sold to Man City Yaya Toure
84%
Spanish left back brought from Valencia Alba
78%
Spanish striker brought from Valencia David Villa
77%
Spanish midfielder brought from Arsenal Fabregas
76%
French left back brought from Lyon Abidal
61%
Spanish midfielder sold to Chelsea Pedro
45%
No matching quizzes found
Score Distribution
Percent of People with Each Score
Percentile by Number Answered
Your Score History
You have not taken this quiz